000 01258cab a2200205 4500
001 ##L132242
008 060120n2006 000 0 eng u
035 _a(Sirsi) u132242
041 0 _aeng
050 0 4 _a306.1 $2 18
245 0 0 _aHouse price surveys' roundup
_bDecember 2005
260 _c2006
490 0 _aRICS Website News
_v20 January 2006
520 _aSummarises the most recent housing market and house price surveys with weblinks to the full reports. Includes: "RICS housing market survey Great Britain"; "ODPM house price index"; "ODPM mix-adjusted house price index" tables; "ODPM monthly housing report"; "ODPM quarterly house price focus"; "Land Registry residential property price report"; "HM Revenue and Customs monthly property transactions"; "Registers of Scotland: average residential prices in Scotland"; "Nationwide monthly house price review"; "Halifax (HBOS) house price index"; "Hometrack monthly national survey", and "Rightmove house price index".
590 _aIKA310106
690 _aPROPERTY-RESIDENTIAL PROPERTY-RESIDENTIAL PROPERTY MARKET
700 1 _aReynolds, Peter
856 4 0 _uhttps://www.rics.org/RICSWEB/getpage.aspx?p=psppNwTAC0aLavD3utwyrg
_zView the roundup free of charge at www.rics.org...
942 _n0
999 _c76371
_d76371